00376nam a2200157Ia 4500008004100000020001500041041001200056082001600068100001200084245005000096250000800146260002500154300000800179650001500187700001600202221030s9999 xx 000 0 und d a007049942X aEnglish a105.23bLev aM. Levy 0aRetailing Managementcby M. Levy, B. A. Weitz a4th bTMHaNew Delhic2003 a754 aManagement aB. A. Weitz